Library Banner

Some major pukhtoon tribes along the Pak-Afghan border (Record no. 81205)

MARC details
000 -LEADER
fixed length control field 00420nam a22001457a 4500
005 - DATE AND TIME OF LATEST TRANSACTION
control field 20160106120656.0
008 - FIXED-LENGTH DATA ELEMENTS--GENERAL INFORMATION
fixed length control field 160106b xxu||||| |||| 00| 0 eng d
040 ## - CATALOGING SOURCE
Transcribing agency PK-LaUMT
082 ## - DEWEY DECIMAL CLASSIFICATION NUMBER
Classification number MMC 958.191593
Item number IFT-S
100 ## - MAIN ENTRY--PERSONAL NAME
Personal name Iftikhar Hussain
245 ## - TITLE STATEMENT
Title Some major pukhtoon tribes along the Pak-Afghan border
Statement of responsibility, etc Iftikhar Hussain
260 ## - PUBLICATION, DISTRIBUTION, ETC. (IMPRINT)
Place of publication, distribution, etc Peshawar
Name of publisher, distributor, etc Hanns seidel foundation
Date of publication, distribution, etc 2000
300 ## - PHYSICAL DESCRIPTION
Extent 252 p.
942 ## - ADDED ENTRY ELEMENTS (KOHA)
Koha item type Books
Holdings
Withdrawn status Lost status Damaged status Home library Current library Date acquired Full call number Barcode Date last seen Price effective from Koha item type
      UMT Main Campus UMT Main Campus 2016-01-06 MMC 958.191593 IFT-S 95824 2022-03-22 2016-01-06 Books